Pobrecito Blas / (Registro nro. 11742)

Detalles MARC
000 -LIDER
fixed length control field 00811nam a22002657a 4500
001 - NÚMERO DE CONTROL
Identificador de número de control 000628
003 - IDENTIFICACDOR DE NÚMERO DE CONTROL
control field DO-SdBNP
005 - DATE AND TIME OF LATEST TRANSACTION
control field 20180205140701.0
007 - CAMPOS FIJOS DE DESCRIPCIÓN FÍSICA
fixed length control field 000628
008 - ELEMENTOS DE LONGITUD FIJA
fixed length control field 161101b 1984 sp a ||||| |||| 00| 0 spa d
040 ## - FUENTE DE CATALOGACIÓN
Agencia que crea de manera original el registro BPMSU
Idioma de catalogación spa
Agencia que realiza la transcripción BPMSU
082 ## - NÚMERO DE CLASIFICACIÓN DECIMAL DE DEWEY
Classification number xxxx
Item number xxxx
100 1# - ASIENTO PRINCIPAL -- NOMBRE PERSONAL
Nombre personal Ségur, Sophie de,
Fechas asociadas con el nombre 1799-1874.
245 10 - MENCIÓN DE TITULO
Título Pobrecito Blas /
Mención de responsabilidad Condesa de Ségur, Sofía Rostopchine ; traducción de Matilde Ras ; ilustraciones de Galiana.
250 ## - MENCIÓN DE EDICION
Mención de edición 3a ed.
260 ## - PUBLICACIÓN, DISTRIBUCIÓN, ETC. (PIE DE IMPRENTA)
Lugar de publicación, distribución, etc Madrid :
Nombre del editor, distribuidor, etc. Aguilar
Fecha de publicación, distribución, etc 1964.
300 ## - DESCRIPCIÓN FÍSICA
Extensión 169 p. :
Otros detalles físicos il. ;
Dimensiones 18 cm.
490 1# - MENCIÓN DE SERIES
Mención de serie Lecturas juveniles
700 1# - ASIENTO SECUNDARIO -- NOMBRE PERSONAL
Nombre personal Rostopchine, Condesa de
700 1# - ASIENTO SECUNDARIO -- NOMBRE PERSONAL
Nombre personal Ras, Matilde,
Mención de responsabilidad tr.
830 #0 - ASIENTO SECUNDARIO DE SERIE--TÍTULO UNIFORME
Título uniforme Lecturas juveniles.
942 ## - ADDED ENTRY ELEMENTS (KOHA)
Source of classification or shelving scheme Dewey Decimal Classification
Koha item type Libros
945 ## - INFORMACIÓN DE PROCESAMIENTO LOCAL
Información de procesamiento local Inventariado, 2018/ YL
956 ## - LOCAL ELECTRONIC LOCATION AND ACCESS (OCLC)
Método de acceso LOPEREZ
Materiales especificados 10
Enlace 20161101
Campo enlazado y núm. de secuencia BPMSU
Nombre de host 00041
Existencias
Withdrawn status Lost status Source of classification or shelving scheme Damaged status Not for loan Collection code Home library Current library Date acquired Source of acquisition Total Checkouts Full call number Barcode Date last seen Price effective from Koha item type
    Dewey Decimal Classification     Colección Juvenil General Biblioteca Pública Metropolitana Salomé Ureña Biblioteca Pública Metropolitana Salomé Ureña 11/01/2016 Donación   xxxx xxxx BPMSU16110007 11/01/2016 11/01/2016 Libros